| 000 | 00624nam a2200193 a 4500 | ||
|---|---|---|---|
| 005 | 20230624063541.0 | ||
| 008 | 991125s1941 mx 000 0 spa u | ||
| 035 | _aUPN01000009759 | ||
| 049 | _aCG | ||
| 050 | 4 |
_aLB1577 _bR6.2 |
|
| 100 | 1 | _aRomero Sagaon, Adalberto | |
| 245 | 1 | 1 |
_a¿Cómo se cultiva el lenguaje oral en la zona escolar federal de Otumba, Edo. de México? / _cAdalberto Romero Sagaon. |
| 260 |
_aOtumba, Mex. : _b[s.n.], _c1941. |
||
| 300 | _a[3] h. | ||
| 500 | _aDisponible en la Colección Medina | ||
| 650 | 4 |
_aExpresión oral _91525 |
|
| 650 | 4 |
_aLECTURA ORAL - _xESTUDIO Y ENSEÑANZA |
|
| 905 | _aLibro | ||
| 999 |
_c9759 _d9759 |
||